The coalfields twenty years on (Record no. 117225)
[ view plain ]
| 000 -LEADER | |
|---|---|
| fixed length control field | 01691cam a2200289 4500 |
| 001 - CONTROL NUMBER | |
| control field | X125897 |
| 008 - FIXED-LENGTH DATA ELEMENTS--GENERAL INFORMATION | |
| fixed length control field | 040421n2004 000 0 eng u |
| 035 ## - SYSTEM CONTROL NUMBER | |
| System control number | (Sirsi) u125897 |
| 100 ## - MAIN ENTRY--PERSONAL NAME | |
| Personal name | Walker, B |
| 245 #4 - TITLE STATEMENT | |
| Title | The coalfields twenty years on |
| 260 ## - PUBLICATION, DISTRIBUTION, ETC. | |
| Date of publication, distribution, etc. | 2004 |
| 490 ## - SERIES STATEMENT | |
| Series statement | Regeneration and Renewal |
| Volume/sequential designation | 9 April 2004, 20-23 (4) |
| 520 ## - SUMMARY, ETC. | |
| Summary, etc. | Special report looks at the attempts by government to address the decline of Britain's former coalfield towns. Finds that more than 10 000 jobs have been created in the Dearne Valley alone, with the vast majority of new jobs being in the retail, distribution or telephone services. Good local transport infrastructure is also mentioned as being a key factor in successful regeneration throughout the region. However, employment rates throughout the coalfield areas are nearly 20% below the national average and the author concludes that so far at least coalfield regeneration has not been a success. Summarises the ODPM Select Committee report "Coalfields communities". View the report at www.publications.parliament.uk. |
| 590 ## - LOCAL NOTE (RLIN) | |
| Local note | ABS |
| 590 ## - LOCAL NOTE (RLIN) | |
| Local note | ABS |
| 650 ## - SUBJECT ADDED ENTRY--TOPICAL TERM | |
| Topical term or geographic name entry element | DONCASTER |
| 650 ## - SUBJECT ADDED ENTRY--TOPICAL TERM | |
| Topical term or geographic name entry element | MINING |
| 650 ## - SUBJECT ADDED ENTRY--TOPICAL TERM | |
| Topical term or geographic name entry element | COALFIELDS |
| 650 ## - SUBJECT ADDED ENTRY--TOPICAL TERM | |
| Topical term or geographic name entry element | SUNDERLAND |
| 650 ## - SUBJECT ADDED ENTRY--TOPICAL TERM | |
| Topical term or geographic name entry element | COALFIELDS REGENERATION PROGRAMME |
| 650 ## - SUBJECT ADDED ENTRY--TOPICAL TERM | |
| Topical term or geographic name entry element | COALFIELDS REGENERATION TRUST |
| 650 ## - SUBJECT ADDED ENTRY--TOPICAL TERM | |
| Topical term or geographic name entry element | DEARNE VALLEY |
| 690 ## - LOCAL SUBJECT ADDED ENTRY--TOPICAL TERM (OCLC, RLIN) | |
| Topical term or geographic name as entry element | REGENERATION |
| 856 ## - ELECTRONIC LOCATION AND ACCESS | |
| Uniform Resource Identifier | <a href="https://www.publications.parliament.uk/pa/cm200304/cmselect/cmodpm/44/4402.htm">https://www.publications.parliament.uk/pa/cm200304/cmselect/cmodpm/44/4402.htm</a> |
| Public note | View "Coalfields communities" on the UK Parliament website... |
| 856 ## - ELECTRONIC LOCATION AND ACCESS | |
| Uniform Resource Identifier | <a href="https://www.publications.parliament.uk/pa/cm200304/cmselect/cmodpm/44/4402.htm">https://www.publications.parliament.uk/pa/cm200304/cmselect/cmodpm/44/4402.htm</a> |
| Public note | View "Coalfields communities" on the UK Parliament website... |
| 942 ## - ADDED ENTRY ELEMENTS (KOHA) | |
| Suppress in OPAC | 0 |
| Withdrawn status | Lost status | Source of classification or shelving scheme | Damaged status | Not for loan | Home library | Current library | Shelving location | Date acquired | Total Checkouts | Full call number | Barcode | Date last seen | Copy number | Price effective from | Koha item type |
|---|---|---|---|---|---|---|---|---|---|---|---|---|---|---|---|
| Dewey Decimal Classification | London | London | Journal article | 21/04/2004 | X125897 | 125897-1001 | 06/08/2019 | 1 | 06/08/2019 | Journal article |